| 000 | 01828nam a2200481 a 4500 | ||
|---|---|---|---|
| 001 | 000024634 | ||
| 005 | 20200930023259.0 | ||
| 008 | 110201s2004 mx ab r 000 0 spa d | ||
| 020 | _a9703216269 | ||
| 040 |
_aDO-SdBNP _bspa _cBNPHU |
||
| 082 |
_aNNN _bS456 |
||
| 245 | 0 | 1 |
_aSeguridad hemisférica e inseguridad global : _bentre la cooperación interamericana y la guerra preventiva / _cMaría Cristina Rosas ( coordinadora) ; prólogo de Gabriel Gaspar ; Alyson Bailes ... [et al.]. |
| 260 |
_aMéxico, D. F. : _bUniversidad Nacional Autónoma de México, _c2004. |
||
| 300 |
_a490 p. : _bil., mapas ; _c23 cm. |
||
| 500 | _aIncluye datos biográficos del autor en la solapa de la contracubierta | ||
| 504 | _aIncluye referencias bibliográficas | ||
| 700 | 1 |
_aGaspar, Gabriel _epról. _950520 |
|
| 700 | 1 |
_aBailes, Alison _950521 |
|
| 700 | 1 |
_aBesio, Félix _950522 |
|
| 700 | 1 |
_aBorjón, José de Jesús _950523 |
|
| 700 | 1 |
_aCottey, Andrew _950524 |
|
| 700 | 1 |
_aCurzio, Leonardo _947876 |
|
| 700 | 1 |
_aCusson, Maurice _950525 |
|
| 700 | 1 |
_aDuarte Villarello, Mario _950526 |
|
| 700 | 1 |
_aGarduño Valero, Guillermo J. R. _950527 |
|
| 700 | 1 |
_aGomáriz, Enrique _950528 |
|
| 700 | 1 |
_aGutiérrez del Cid, Ana Teresa _950529 |
|
| 700 | 1 |
_aHakim, Peter _950530 |
|
| 700 | 1 |
_aIruegas, Gustavo _950531 |
|
| 700 | 1 |
_aLeón, José Luis _950532 |
|
| 700 | 1 |
_aMaríñez, Pablo _950533 |
|
| 700 | 1 |
_aPosada, Javier Oliva _950534 |
|
| 700 | 1 |
_aPiñeyro, José Luis _950535 |
|
| 700 | 1 |
_aRosas, María Cristina _926176 |
|
| 700 | 1 |
_aSaín, Marcelo _950536 |
|
| 700 | 1 |
_aSantos Caamal, Mario _950537 |
|
| 700 | 1 |
_aSpearin, Christopher _950538 |
|
| 700 | 1 |
_aUscanga, Carlos _950539 |
|
| 700 | 1 |
_aVarela, Hilda _950540 |
|
| 700 | 1 |
_aVargas Carreño, Edmundo _950541 |
|
| 700 | 1 |
_aWoolner, Derek _950542 |
|
| 049 | _aBNGR | ||
| 999 |
_c24127 _d24127 |
||